Top 25 Countries by Population - Sudden Death - Statistics

General Stats
  • This quiz has been taken 1,167 times
  • The average score is 14 of 25
Answers on the Grid
Answers color-coded by a green-red scale on the quiz's grid according to % correct below.
Taiwan
Pakistan
Japan
Vietnam
South Korea
India
Argentina
United Kingdom
Ethiopia
Peru
Tanzania
United Arab Emirates
Mexico
Algeria
Malaysia
Iran
Italy
Australia
China
Thailand
Iraq
Guinea
France
Chad
Canada
Nigeria
Colombia
Saudi Arabia
United States
Russia
Turkey
Austria
Egypt
South Sudan
Poland
Indonesia
Philippines
Germany
Sudan
Madagascar
Brazil
Kenya
North Korea
DR Congo
Uganda
South Africa
Myanmar
Spain
Ukraine
Bangladesh
 
Answer Stats
Answer % Correct
India
84%
Pakistan
82%
Japan
79%
United States
76%
China
70%
Mexico
70%
Russia
66%
Brazil
64%
Nigeria
63%
Vietnam
63%
Bangladesh
62%
Philippines
60%
Ethiopia
59%
Indonesia
59%
Egypt
56%
Iran
50%
DR Congo
47%
Turkey
46%
Germany
44%
United Kingdom
42%
Thailand
38%
France
33%
Tanzania
26%
South Africa
20%
Italy
17%
No matching quizzes found
Score Distribution
Percent of People with Each Score
Percentile by Number Answered
Your Score History
You have not taken this quiz